New EU member states: booming agro-food trade, Poland ahead
Nové členské štáty EÚ - vzrast konkurencie, podporovaný Spoločnou poľnohospodárskou politikou. Vzrast zisku farmárov. Vývoz, dovoz, bilancia obchodná vo V4 a vo všetkých krajinách EÚ.
Enregistré dans:
| Auteur principal: | |
|---|---|
| Format: | Chapitre de livre |
| Langue: | anglais |
| Sujets: | |
| Tags: |
Pas de tags, Soyez le premier à ajouter un tag!
|
MARC
| LEADER | 00000naa$a2200000$$$4500 | ||
|---|---|---|---|
| 001 | 0029714 | ||
| 005 | 20231113141311.2 | ||
| 041 | 0 | |a eng | |
| 044 | |a CZ | ||
| 245 | 1 | 0 | |a New EU member states: booming agro-food trade, Poland ahead |c Zdeněk Lukas |
| 520 | |a Nové členské štáty EÚ - vzrast konkurencie, podporovaný Spoločnou poľnohospodárskou politikou. Vzrast zisku farmárov. Vývoz, dovoz, bilancia obchodná vo V4 a vo všetkých krajinách EÚ. | ||
| 610 | 2 | 0 | |a Európska únia |
| 610 | 2 | 0 | |a Vyšehradská štvorka |
| 610 | 2 | 0 | |a poľnohospodárstvo |
| 610 | 2 | 0 | |a potravinárstvo |
| 610 | 2 | 0 | |a obchod |
| 610 | 2 | 0 | |a bilancia obchodná |
| 100 | 1 | |a Lukas, Zdenek | |